00353nam a22001337a 450000500170000002000230001703500230004003700130006310000160007624500550009226000380014730000190018570000150020420180724130959.0 a8171770975c350.00 aA-950230, A-950229 aDPLbENG aAbell, Mark aFranchising in India /cby Mark Abell and Lisa Sen aCalcuttabEastern Law Housec1998 a352p.c20 cms. aSen, Lisa